Reliez les acteurs du Seigneur des Anneaux à leur personnage - Statistiques

Statistiques générales
  • Ce quiz a été pris 425 fois
  • Le résultat moyen est 11 sur 15
Statistiques - réponses
Hint Réponse % Correct
Legolas Orlando Bloom
94%
Aragorn Viggo Mortensen
92%
Frodon Sacquet Elijah Wood
90%
Gandalf Ian McKellen
90%
Galadriel Cate Blanchett
89%
Saroumane Christopher Lee
87%
Gollum Andy Serkis
77%
Boromir Sean Bean
71%
Samsagace Gamegie Sean Astin
62%
Elrond Hugo Weaving
58%
Gimli John Rhys-Davies
55%
Meriadoc Brandebouc Dominic Monaghan
54%
Bilbon Sacquet Ian Holm
50%
Peregrin Touque Billy Boyd
47%
Sauron Sala Baker
43%
Aucun quiz correspondant
Distribution des résultats
% des personnes avec chaque résultat
Percentile par nombre de réponses
Votre historique - résultats
Vous n’avez pas pris ce quiz